Responsabilidad del promotor por daǫs en la edificacin̤

Bibliographic Details
Main Author: Gm̤ez Perals, Miguel
Format: eBook
Language:Spanish
Published: Madrid : Dykinson, 2004
Subjects:
Online Access:http://www.vlex.com/source/7046

MARC

LEADER 00000nam a22000007a 4500
005 20130222120211.0
007 cr|||| ||||
008 130222e2004 sp |||||s|||| 00||0 spa d
020 |a 978-84-9031-176-9 
035 |a 7046 
040 |a vLex 
090 |c 3724  |d 3724 
100 1 0 |a Gm̤ez Perals, Miguel  
245 1 0 |a Responsabilidad del promotor por daǫs en la edificacin̤  |h [Recurso electrn̤ico] 
256 |a Servicio en ln̕ea 
260 |a Madrid :  |b Dykinson,   |c 2004 
300 |a 1 Recurso electrn̤ico 
650 0 4 |a Derecho civil 
650 0 4 |a Consumidores Usuarios 
650 0 4 |a Daǫs 
740 |a vLex libros (Servicio en ln̕ea) 
856 |a Acceso restringido  |u http://www.vlex.com/source/7046 
942 |c BOOK 
999 0 |a Civil law